Footballers that have won the UEFA Champions League - Sudden Death - Statistics

General Stats
  • This quiz has been taken 267 times
    214 since last reset
  • The average score is 5 of 25
Answers on the Grid
Answers color-coded by a green-red scale on the quiz's grid according to % correct below.
🇬🇭 Michael Essien
(Lyon / Chelsea / Real Madrid / Milan)
🇯🇵 Shinji Kagawa
(Man. United / Dortmund)
🇮🇸 Eiður Guðjohnsen
(Chelsea / Barça)
🇨🇷 Keylor Navas
(Real Madrid / PSG)
🇪🇸 Cesc Fàbregas
(Arsenal / Barça / Chelsea)
🇨🇮 Yaya Touré
(Olympiacos / Barça / Man. City)
🇲🇽 Javier "Chicharito" Hernández
(Man. United / Real Madrid / Leverkusen)
🇬🇪 Kakhaber "Kakha" Kaladze
(Din. Tbilisi / Din. Kyiv / Milan)
🇩🇪 Mesut Özil
(Schalke / W. Bremen / Real Madrid / Arsenal)
🇵🇾 Roque Santa Cruz
(Bayern / Málaga)
🇲🇱 Seydou Keita
(Marseille / Lens / Sevilla / Barça / Roma)
🇨🇿 Pavel Nedvěd
(Lazio / Juve)
🇩🇰 Christian Eriksen
(Ajax / Tottenham / Inter / Man. United)
🇦🇲 Henrikh Mkhitaryan
(Pyunik / Shakhtar / Dortmund / Man. United / Inter)
🇵🇹 Ricardo Carvalho
(Porto / Chelsea / Real Madrid / Monaco)
🇿🇦 Steven Pienaar
(Ajax / Tottenham)
🇦🇹 David Alaba
(Bayern / Real Madrid)
🇺🇾 Diego Forlán
(Man. United / Villarreal / Atletico / Inter)
🇺🇦 Andriy Shevchenko
(Milan / Chelsea / Din. Kyiv)
🇳🇴 Martin Ødegaard
(Strømsgodset / Real Madrid / Arsenal)
🇦🇺 Harry Kewell
(Leeds / Liverpool / Galatasaray)
🇮🇹 Gianluigi Buffon
(Parma / Juve / PSG)
🇦🇷 Ángel Di María
(Benfica / Real Madrid / PSG / Juve)
🇵🇱 Wojciech Szczęsny
(Arsenal / Roma / Juve / Barça)
🇪🇬 Mohamed Salah
(Basel / Chelsea / Roma / Liverpool)
🇳🇨 Christian Karembeu
(Real Madrid / Olympiacos)
🇱🇷 George Weah
(PSG / Milan)
🇧🇦 Miralem Pjanić
(Lyon / Roma / Juve / Barça / Beşiktaş)
🇫🇷 Lilian Thuram
(Monaco / Parma / Juve / Barça)
🇸🇪 Zlatan Ibrahimović
(Ajax / Juve / Inter / Barça / PSG / Man. United / Milan)
🇵🇪 Claudio Pizarro
(Chelsea / W. Bremen / Bayern)
🇰🇷 Park Ji-sung
(PSV / Man. United)
🇧🇪 Romelu Lukaku
(Anderlecht / Man. United / Chelsea / Inter)
🇸🇳 Kalidou Koulibaly
(Napoli / Chelsea)
🇨🇭 Xherdan Shaqiri
(Basel / Bayern / Liverpool)
🇨🇱 Arturo Vidal
(Juve / Barça / Bayern / Inter)
🇲🇰 Goran Pandev
(Lazio / Inter / Napoli / Galatasaray)
🇧🇷 Ronaldo
(Inter / Real Madrid)
🇬🇷 Giorgos Karagounis
(Inter / Benfica / Panathinaikos)
🇳🇱 Ruud van Nistelrooy
(PSV / Man. United / Real Madrid)
🇳🇬 Nwankwo Kanu
(Ajax / Arsenal)
🇺🇸 Christian Pulisic
(Dortmund / Chelsea / Milan)
🇭🇷 Ivan Perišić
(Dortmund / Inter / Bayern / Tottenham / PSV)
🇨🇲 Alex Song
(Arsenal / Barça)
🇮🇪 Robbie Keane
(Inter / Liverpool / Tottenham)
🇷🇸 Dejan Stanković
(Lazio / Inter)
🇲🇦 Hakim Ziyech
(Ajax / Chelsea / Galatasaray)
🇨🇴 James Rodríguez
(Porto / Real Madrid / Bayern)
🇹🇷 Arda Turan
(Atletico / Barça / Başakşehir / Galatasaray)
🇫🇮 Jari Litmanen
(Barça / Liverpool / Ajax / Malmö / HJK)
 
Answer Stats
Answer % Correct
🇨🇷 Keylor Navas
(Real Madrid / PSG)
86%
🇬🇭 Michael Essien
(Lyon / Chelsea / Real Madrid / Milan)
54%
🇨🇮 Yaya Touré
(Olympiacos / Barça / Man. City)
38%
🇦🇹 David Alaba
(Bayern / Real Madrid)
34%
🇪🇬 Mohamed Salah
(Basel / Chelsea / Roma / Liverpool)
30%
🇺🇦 Andriy Shevchenko
(Milan / Chelsea / Din. Kyiv)
24%
🇨🇴 James Rodríguez
(Porto / Real Madrid / Bayern)
22%
🇦🇷 Ángel Di María
(Benfica / Real Madrid / PSG / Juve)
21%
🇵🇹 Ricardo Carvalho
(Porto / Chelsea / Real Madrid / Monaco)
20%
🇮🇸 Eiður Guðjohnsen
(Chelsea / Barça)
19%
🇭🇷 Ivan Perišić
(Dortmund / Inter / Bayern / Tottenham / PSV)
17%
🇲🇱 Seydou Keita
(Marseille / Lens / Sevilla / Barça / Roma)
17%
🇨🇭 Xherdan Shaqiri
(Basel / Bayern / Liverpool)
16%
🇺🇸 Christian Pulisic
(Dortmund / Chelsea / Milan)
15%
🇲🇦 Hakim Ziyech
(Ajax / Chelsea / Galatasaray)
14%
🇦🇺 Harry Kewell
(Leeds / Liverpool / Galatasaray)
14%
🇰🇷 Park Ji-sung
(PSV / Man. United)
14%
🇲🇰 Goran Pandev
(Lazio / Inter / Napoli / Galatasaray)
12%
🇬🇪 Kakhaber "Kakha" Kaladze
(Din. Tbilisi / Din. Kyiv / Milan)
11%
🇷🇸 Dejan Stanković
(Lazio / Inter)
10%
🇫🇮 Jari Litmanen
(Barça / Liverpool / Ajax / Malmö / HJK)
9%
🇳🇨 Christian Karembeu
(Real Madrid / Olympiacos)
7%
🇵🇾 Roque Santa Cruz
(Bayern / Málaga)
5%
🇵🇪 Claudio Pizarro
(Chelsea / W. Bremen / Bayern)
4%
🇳🇬 Nwankwo Kanu
(Ajax / Arsenal)
0%
No matching quizzes found
Score Distribution
Percent of People with Each Score
Percentile by Number Answered
Your Score History
You have not taken this quiz since the last reset